| 000 | 00356nam a2200133Ia 4500 | ||
|---|---|---|---|
| 008 | 240624s9999 xx 000 0 und d | ||
| 041 | _aeng | ||
| 082 | _a332.1 BER | ||
| 100 | _aBERNANKE BEN S | ||
| 245 | _aCOURAGE TO ACT A MEMOIR OF A CRISIS AND | ||
| 260 |
_c2015 _aLondon _bW W Norton & Company |
||
| 300 | _axiv, : 610 : p. : cm. ; 24 | ||
| 365 |
_c _b30 |
||
| 999 |
_c27548 _d27548 |
||